1077 1056 1117 1253 1191 1566 1710 1315 1342 1458 1399 1455 1458 1013 1366 1484 1522 1162 1477 1877 1930 1654 1539 1404 1544 1309 1594 1684 1397 1721 1473 1206 1745 1634 1785 1892 1954 1354 1514 1372 1619 1000 1446 1264 1382 1606 1189 1850 1181 1157 1995 1681 1594 1439 1793 1166 1494 1625 1851 1784 1874 1087 1202 1999 1420 1350 1205 1362 1065 1908 1613 1271 1240 1047 1786 1323 1220 1723 1347 1808 1878 1181 1188 1883 1345 1112 1865 1065 1279 1196 1944 1724 1930 1588 1169 1043 1553 1130 1769 BCNSPRNW ULIB Ver.6.0+V

เปลี่ยนเป็นภาษาไทย

Change to English
 แสดงรายละเอียดบรรณานุกรม
  กลับหน้าหลัก

Brief Record : Get Marc (ISO 2709) : E-mail record : QR code < ปิดหน้าต่าง
LEADER : 00000nam 2200000uu 4500
001    13399125626
003     ULIB
008    170711s2559||||th 000 0 tha d
020    ^a9786167793207
060  0 ^aWB327^bห177ร
100 0  ^aหมอแมว มีหมี
245 00 ^aเรื่องสุขภาพสนุกๆสไตล์หมอแมว /^cหมอแมว มีหมี
260    ^aกรุงเทพฯ :^bบริษัทต้นมะนาวพับลิชชิ่ง,^c2559
300    ^a192 หน้า ;^c21 ซม.
650  0 ^aสุขภาพ
945    ^p0^l0^i002603
999    ^aประนอม เกษจรัล
รายการนี้ยังไม่มีแท็ก
คุณยังไม่ได้ล็อกอิน คุณสามารถมีกิจกรรมร่วมกับเว็บไซต์ได้ แต่ต้องล็อกอินก่อน ::
  ล็อกอิน

รายการสื่อสารสนเทศ

ลำดับที่ ประเภท เลขเรียก/บาร์โค้ด สถานที่ สถานะ
1. วิทยาศาสตร์การแพทย์ และสุขภาพ
วิทยาศาสตร์การแพทย์ และสุขภาพ
WB327 ห177ร ฉ.1 
  Barcode: 002603
ห้องสมุดวิทยาเขตสวรรค์ประชารักษ์
►หนังสือทั่วไป
บนชั้น

รายการใกล้เคียง
    ผู้แต่ง [หมอแมว มีหมี]

    หัวเรื่อง [สุขภาพ]

BibComment


ยังไม่เคยถูกคอมเมนท์

คอมเมนท์ทรัพยากรรายการนี้
  คอมเมนท์: เรื่องสุขภาพสนุก..


 Copyright 2026. Bcnsprnw @Library